La eternidad
Guardado en:
| Hovedforfatter: | |
|---|---|
| Format: | Bog |
| Sprog: | Undetermined |
| Udgivet: |
Washington, Estados Unidos
[Editor no identificado]
1982
|
| Fag: | |
| Tags: |
Tilføj Tag
Ingen Tags, Vær først til at tagge denne postø!
|
MARC
| LEADER | 00000nam a2200000Ia 4500 | ||
|---|---|---|---|
| 008 | 170316s9999 xx 000 0 und d | ||
| 090 | |a 100 R-17e | ||
| 100 | |a Reyes Calderón, Consuelo | ||
| 245 | |a La eternidad | ||
| 260 | |a Washington, Estados Unidos | ||
| 260 | |b [Editor no identificado] | ||
| 260 | |c 1982 | ||
| 300 | |a 26 páginas | ||
| 650 | |a FILOSOFÍA | ||
| 650 | |a LA ETERNIDAD | ||
| 650 | |a LA CREACIÓN DEL HOMBRE | ||
| 999 | |c 17407 |d 17407 | ||
| 040 | |a cru BVZT | ||
| 942 | |c 15 D |h 100 R-17e |2 z | ||
